ADMINISTRATÍVNA BUDOVA

Salvato in:
Dettagli Bibliografici
Autore principale: Izsófová, Estera (Autore)
Altri autori: Vavrovič, Boris (Relatore della tesi)
Natura: Manoscritto Libro
Lingua:slovacco
Pubblicazione: 2019
Soggetti:
Accesso online:http://is.stuba.sk/zp/portal_zp.pl?podrobnosti=144774
https://opac.crzp.sk/?fn=detailBiblioForm&sid=9F8942B94996237AA2FD1BF666DC
Tags: Aggiungi Tag
Nessun Tag, puoi essere il primo ad aggiungerne!!

MARC

LEADER 00000ntm a22000003a 4500
001 stuzp72997
003 SK-STU
005 20230531114826.9
007 ta
008 150427s2015----xo-----f-mn---000-0-slo-d
040 |a STU  |b slo 
041 0 |a slo 
100 1 |a Izsófová, Estera  |u 010180  |k Z4  |4 aut  |U SvF Stavebná fakulta  |T SvF Katedra konštrukcií pozemných stavieb  |X 63548  |U V180  |Y 18  |7 63548 
242 0 1 |a Office building  |y eng 
245 1 0 |a ADMINISTRATÍVNA BUDOVA 
260 |c 2019 
650 4 |a Administratívna budova  |2 slo 
650 4 |a stenový nosný systém  |2 slo 
650 4 |a kancelárie  |2 slo 
650 4 |a Office building  |2 eng 
650 4 |a offices  |2 eng 
650 4 |a bi-dierctionalwallsystem  |2 eng 
700 1 |a Vavrovič, Boris  |u 010180  |k Z1  |4 ths  |U SvF Stavebná fakulta  |T SvF Katedra konštrukcií pozemných stavieb  |X 619  |U V180  |Y 18  |7 A000000619 
856 4 |u http://is.stuba.sk/zp/portal_zp.pl?podrobnosti=144774 
856 4 |u https://opac.crzp.sk/?fn=detailBiblioForm&sid=9F8942B94996237AA2FD1BF666DC